| 000 | 00600nam a22001937a 4500 | ||
|---|---|---|---|
| 999 |
_c3813 _d3813 |
||
| 003 | AR-CdUCM | ||
| 008 | 190307b ||||| |||| 00| 0 spa d | ||
| 040 |
_aMUNICIPALIDAD PROVINCIAL DEL CUSCO _cBIBLIOTECA MUNICIPAL DEL CUSCO |
||
| 082 |
_a808 / _bG95 |
||
| 100 |
_aGutierrez Vargas, Tito _91926 |
||
| 245 | _aLos Minotauros / | ||
| 260 |
_aLa Paz-Bolivia : _bEdiciones Nogales ; _c1993. |
||
| 300 |
_a 185 páginas ; _c20cm |
||
| 505 | _aContenido: Novela | ||
| 650 |
_aLiteratura boliviana _94271 |
||
| 710 |
_aAlcaldía Municipal La Paz - Bolivia _97530 |
||
| 942 |
_2ddc _cLIBROS |
||
| 945 | _anom | ||